1484 1368 1437 1323 1187 1639 1886 1981 1966 1225 1874 1415 1423 1470 1879 1536 1333 1919 1146 1865 1057 1424 1229 1038 1984 1615 1222 1685 1796 1120 1011 1036 1559 1114 1196 1038 1483 1196 1868 1907 1499 1708 1551 1366 1548 1020 1141 1904 1011 1405 1998 1461 1908 1192 1893 1626 1620 1113 1727 1518 1965 1834 1596 1807 1756 1816 1656 1233 1935 1338 1525 1220 1298 1316 1812 1301 1373 1883 1873 1577 1902 1381 1669 1120 1040 1431 1423 1711 1984 1748 1862 1573 1183 1203 1145 1684 1171 1604 1680 BCNSPRNW ULIB Ver.6.0+V

เปลี่ยนเป็นภาษาไทย

Change to English
 แสดงรายละเอียดบรรณานุกรม
  กลับหน้าหลัก

Brief Record : Get Marc (ISO 2709) : E-mail record : QR code < ปิดหน้าต่าง
LEADER : 00000nam 2200000uu 4500
001    13399111205
003     ULIB
008    110620s||||||||th 000 0 tha d
020    9744151684
050 04 BF637.B4^bธ144ค 2550
100 0  ธนเนตร ฉันทลักษณ์วงค์
245 10 คู่มือการให้การการปรึกษาสำหรับประชาชน /^cบรรณาธิการ ธนเนตร ฉันทลักษณ์วงค์
250    พิมพ์ครั้งที่ 1
260    นนทบุรี :^bสำนักงานส่งเสริมธุรกิจบริการสุขภาพ,^c2550
300    62 หน้า :^bตาราง
504    บรรณานุกรม : หน้า 61
650  2 Counseling
710 20 กระทรวงสาธารณสุข.^bกรมสุขภาพจิต
710 20 สำนักงานส่งเสริมธุรกิจบริการสุขภาพ
945    ^p0^l0^i021994
945    ^p0^l0^i021992
945    ^p0^l0^i021990
945    ^p0^l0^i021988
945    ^p0^l0^i021986
945    ^p0^l0^i021993
945    ^p0^l0^i021991
945    ^p0^l0^i021989
945    ^p0^l0^i021987
945    ^p0^l0^i021985
995    ทศพร
999 ^a ใช้งานได้ทุกระบบ
รายการนี้ยังไม่มีแท็ก
คุณยังไม่ได้ล็อกอิน คุณสามารถมีกิจกรรมร่วมกับเว็บไซต์ได้ แต่ต้องล็อกอินก่อน ::
  ล็อกอิน

รายการสื่อสารสนเทศ

ลำดับที่ ประเภท เลขเรียก/บาร์โค้ด สถานที่ สถานะ
- ไม่พบข้อมูล -

รายการใกล้เคียง
    ผู้แต่ง [ธนเนตร ฉันทลักษณ์วงค์]

    หัวเรื่อง [Counseling]

BibComment


ยังไม่เคยถูกคอมเมนท์

คอมเมนท์ทรัพยากรรายการนี้
  คอมเมนท์: คู่มือการให้การกา..


 Copyright 2026. Bcnsprnw @Library